Geografía 3 : (Registro nro. 162)
[ vista simple ]
| 000 -CABECERA | |
|---|---|
| fixed length control field | 00856nam a22002657a 4500 |
| 003 - CONTROL NUMBER IDENTIFIER | |
| control field | AR-BeUNQ |
| 005 - FECHA Y HORA DE LA ULTIMA TRANSACCION | |
| control field | 20220225124525.0 |
| 008 - ELEMENTOS DE LONGITUD FIJA-INFORMACION GENERAL | |
| fixed length control field | 180227b xxu||||| |||| 00| 0 spa d |
| 020 ## - NUMERO INTERNACIONAL NORMALIZADO PARA LIBROS | |
| Número Internacional Normalizado del libro | 9789871651467 |
| 040 ## - FUENTE DE CATALOGACION | |
| Agencia de catalogación original | AR-BeUNQ |
| Idioma de catalogación | ESPAÑOL |
| Convenciones de la descripción | aacr |
| 082 ## - NUMERO DE CLASIFICACION DECIMAL DEWEYMBER | |
| Número de clasificación | 970.712 |
| Número de la edición | 21 |
| 100 ## - ASIENTO PRINCIPAL-NOMBRE PERSONAL | |
| Nombre personal | Chiodi, Aldana |
| 245 ## - MENCION DE TITULO | |
| Título | Geografía 3 : |
| Otra información sobre el título | Argentina |
| Mención de responsabilidad, etc | Julian Alvarez Insúa |
| 250 ## - MENCION DE EDICION | |
| Mención de edición | 1a. ed. : |
| 260 ## - PUBLICACION, DISTRIBUCION, ETC. | |
| Lugar de publicación, distribución, etc. | Buenos Aires : |
| Nombre del editor, distribuidor, etc. | Estacion Mandioca, |
| Fecha de publicación, distribución, etc | 2012 |
| 300 ## - DESCRIPCION FISICA | |
| Extensión | 192 p. ; |
| Otros detalles físicos | il. ; |
| Dimensiones | 27 cm |
| 500 ## - NOTA GENERAL | |
| Nota general | Contiene actividades al final de cada capitulo y activades de revisión de los mismos |
| 504 ## - NOTA DE BIBLIOGRAFIA, ETC. | |
| Nota de bibliografía, etc. | Contiene bibliografia. |
| 600 ## - ASIENTO SECUNDARIO DE MATERIA - NOMBRE PERSONAL | |
| Nombre personal | Alvarez Insúa; Julián |
| Títulos y otras palabras asociadas con el nombre | coaut |
| 650 #9 - ASIENTO SECUNDARIO DE MATERIA - TERMINO TEMATICO | |
| Término temático o nombre geográfico como elemento de entrada | Georgrafia de América |
| Fuente del encabezamiento o términ | tell |
| 651 ## - ASIENTO SECUNDARIO DE MATERIA - NOMBRE GEOGRAFICO | |
| Nombre geográfico | Argentina |
| Fuente del encabezamiento o término | spines |
| 700 ## - ASIENTO SECUNDARIO - NOMBRE DE PERSONA | |
| Personal name | Alvarez Insúa, Julián |
| Titles and other words associated with a name | coaut |
| 929 ## - DATOS DE ADQUISICION | |
| Procedencia | DONACION |
| Proveedor | EES N° 15 |
| Precio | 200 $ |
| Número de inventario | 56571 |
| 942 ## - ELEMENTOS DE PUNTO DE ACCESO ADICIONAL (KOHA) | |
| Tipo de ítem Koha | Libros |
| Suppress in OPAC | 0 |
| Estado de retiro | Estado de pérdida | Ubicación permanente | Ubicación actual | Ubicación en estantería | Fecha de ingreso | Total Checkouts | Signatura topográfica completa | Inventario | Date last seen | Número de copia | Tipo de ítem Koha | Operador |
|---|---|---|---|---|---|---|---|---|---|---|---|---|
| Biblioteca ESET - UNQ | Biblioteca ESET - UNQ | CIRCULACION | 09/03/2018 | 970.712 | 56571 | 09/03/2018 | 1 | Libros | Gladys Alarcon |